000 00873nam a2200229 a 4500
005 20140412111319.0
008 000822s19uu xx 00 eng d
020 _a0-448-41981-5
050 _aM 398.2
_bS757 1999
100 _aSpinner, Stephanie
245 _aSnake hair :
_bthe story of Medusa /
_cby Stephanie Spinner ; illustrated by Susan Swan.
260 _aNew York :
_bGrosset & Dunlap,
_c1999.
300 _a1 v. (unp.) ; ill.
440 _aAll Aboard Reading - Level 2 (Grades 1-3)
520 _aRecounts how the Greek hero Perseus vanquished the serpent-haired Medusa whose gaze turned people to stone.
650 _aMedusa (Greek mythology)-Juvenile literature
650 _aPerseus (Greek mythology)-Juvenile literature
650 _aMedusa (Greek mythology)
650 _aPerseus (Greek mythology)
650 _aMythology, Greek
999 _c104323
_d104323